[Event "Titled Tuesday intern op 29th Aug Early"]
[Site "Chess.com INT"]
[Date "2023.08.29"]
[Round "2"]
[White "Bazilius, Augustinas"]
[Black "Saucey, Michel"]
[Result "1-0"]
[WhiteElo "2052"]
[BlackElo "2249"]
[PlyCount "43"]
[EventDate "2023.08.29"]
[EventType "swiss (blitz)"]
[EventRounds "11"]
[EventCountry "USA"]
[SourceTitle "EXT 2024"]
[Source "ChessBase"]
[SourceDate "2023.10.10"]
[SourceVersion "1"]
[SourceVersionDate "2023.10.10"]
[SourceQuality "1"]

1. d4 d5 2. c4 e6 3. Nf3 Nf6 4. g3 Be7 5. Bg2 0-0 6. 0-0 a5 7. Qc2 Nc6 8. a3 Bd7 9. Nbd2 a4 10. e4 dxe4 11. Nxe4 Nxe4 12. Qxe4 Na5 13. d5 exd5 14. cxd5 Bf6 15. Rb1 Re8 16. Qd3 Nb3 17. Be3 g6 18. Qc4 Bf5 19. Rbd1 Bxb2 20. d6 cxd6 21. Ng5 Rxe3 22. Qxf7+ 1-0

[Event "Titled Tuesday intern op 29th Aug Early"]
[Site "Chess.com INT"]
[Date "2023.08.29"]
[Round "8"]
[White "Blanco Diez, David"]
[Black "Saucey, Michel"]
[Result "1-0"]
[WhiteElo "2279"]
[BlackElo "2249"]
[PlyCount "87"]
[EventDate "2023.08.29"]
[EventType "swiss (blitz)"]
[EventRounds "11"]
[EventCountry "USA"]
[SourceTitle "EXT 2024"]
[Source "ChessBase"]
[SourceDate "2023.10.10"]
[SourceVersion "1"]
[SourceVersionDate "2023.10.10"]
[SourceQuality "1"]

1. Nf3 d5 2. b3 Nf6 3. Bb2 g6 4. c4 dxc4 5. bxc4 Bg7 6. g3 0-0 7. Bg2 c5 8. 0-0 Nc6 9. Ne5 Nxe5 10. Bxe5 Qd7 11. Qc2 Rd8 12. d3 Ng4 13. Bxg7 Kxg7 14. Nc3 Qf5 15. Rab1 Qh5 16. h3 Nf6 17. h4 g5 18. Bf3 Bg4 19. hxg5 Qxg5 20. Bg2 b6 21. Ne4 Nxe4 22. Bxe4 Rac8 23. Kg2 e6 24. Rh1 f5 25. Bb7 Rc7 26. Bf3 Bxf3+ 27. Kxf3 e5 28. Qb2 Re7 29. Kg2 Kg8 30. Rh4 Rd4 31. Rbh1 f4 32. Rh5 Qg7 33. R1h3 Kh8 34. a4 Rf7 35. a5 Qf6 36. e3 fxe3 37. f4 exf4 38. g4 f3+ 39. Kg1 e2 40. Kf2 Qf4 41. g5 e1Q+ 42. Kxe1 Qe3+ 43. Kf1 Qxd3+ 44. Kf2 1-0

[Event "Titled Tuesday intern op 29th Aug Early"]
[Site "Chess.com INT"]
[Date "2023.08.29"]
[Round "5"]
[White "Ozalp, Burak"]
[Black "Saucey, Michel"]
[Result "0-1"]
[WhiteElo "2183"]
[BlackElo "2249"]
[PlyCount "74"]
[EventDate "2023.08.29"]
[EventType "swiss (blitz)"]
[EventRounds "11"]
[EventCountry "USA"]
[SourceTitle "EXT 2024"]
[Source "ChessBase"]
[SourceDate "2023.10.10"]
[SourceVersion "1"]
[SourceVersionDate "2023.10.10"]
[SourceQuality "1"]

1. e4 c5 2. Nc3 Nc6 3. Bc4 e6 4. a3 Nf6 5. Ba2 d5 6. exd5 exd5 7. d3 d4 8. Ne4 Bf5 9. Ng3 Bg6 10. Nf3 Bd6 11. 0-0 0-0 12. Re1 h6 13. Nh4 Bh7 14. Nhf5 Bc7 15. Nxh6+ gxh6 16. Bxh6 Re8 17. Qd2 Ne5 18. Qg5+ Ng6 19. Rxe8+ Nxe8 20. Qxc5 Bxg3 21. hxg3 Rc8 22. Qf5 Nd6 23. Qf3 Rxc2 24. Re1 Rxb2 25. Bd5 Rc2 26. g4 Nh4 27. Qh3 Bg6 28. g5 Nhf5 29. g3 Qc8 30. Qg2 Rc1 31. Be4 Rxe1+ 32. Kh2 Nxe4 33. dxe4 Nxh6 34. gxh6 Kh7 35. e5 Qf5 36. Qxb7 Qh5+ 37. Kg2 Qh1# 0-1

[Event "Titled Tuesday intern op 29th Aug Early"]
[Site "Chess.com INT"]
[Date "2023.08.29"]
[Round "6"]
[White "Saucey, Michel"]
[Black "Morkunas, Gustas"]
[Result "0-1"]
[WhiteElo "2249"]
[BlackElo "2074"]
[PlyCount "94"]
[EventDate "2023.08.29"]
[EventType "swiss (blitz)"]
[EventRounds "11"]
[EventCountry "USA"]
[SourceTitle "EXT 2024"]
[Source "ChessBase"]
[SourceDate "2023.10.10"]
[SourceVersion "1"]
[SourceVersionDate "2023.10.10"]
[SourceQuality "1"]

1. d4 d5 2. c4 e6 3. Nc3 dxc4 4. e4 c5 5. d5 exd5 6. exd5 Nf6 7. Bxc4 Bd6 8. Nf3 0-0 9. 0-0 a6 10. a4 Bg4 11. Bg5 Re8 12. Qd3 Nbd7 13. Nd2 h6 14. Bh4 Ne5 15. Qc2 g5 16. Bg3 Bh5 17. Rfe1 Bg6 18. Qb3 Qc7 19. a5 Re7 20. Nde4 Nxe4 21. Nxe4 Bxe4 22. Rxe4 f5 23. Rxe5 f4 24. Re6 fxg3 25. hxg3 Rf8 26. Rae1 Ref7 27. R1e2 Rf6 28. Qd3 Qf7 29. Rxf6 Qxf6 30. Qe4 Kg7 31. Bd3 Rh8 32. b3 h5 33. Qe6 Bf8 34. Qd7+ Qf7 35. Qe6 h4 36. gxh4 Rxh4 37. Re5 Qf6 38. Qd7+ Kg8 39. Rf5 Qa1+ 40. Bf1 Qg7 41. Qe6+ Kh8 42. Rf7 Qh6 43. Qe5+ Kg8 44. Rxf8+ Kxf8 45. f3 Rh1+ 46. Kf2 Qh4+ 47. Ke2 Qd4 0-1

[Event "Titled Tuesday intern op 29th Aug Early"]
[Site "Chess.com INT"]
[Date "2023.08.29"]
[Round "7"]
[White "Saucey, Michel"]
[Black "Titichoca Daza, Daniel Henry"]
[Result "0-1"]
[WhiteElo "2249"]
[BlackElo "2168"]
[PlyCount "58"]
[EventDate "2023.08.29"]
[EventType "swiss (blitz)"]
[EventRounds "11"]
[EventCountry "USA"]
[SourceTitle "EXT 2024"]
[Source "ChessBase"]
[SourceDate "2023.10.10"]
[SourceVersion "1"]
[SourceVersionDate "2023.10.10"]
[SourceQuality "1"]

1. d4 Nf6 2. Nf3 b6 3. g3 Bb7 4. Bg2 g6 5. c4 Bg7 6. d5 0-0 7. Nc3 e6 8. 0-0 Re8 9. e4 a5 10. h3 exd5 11. exd5 d6 12. Nd4 Nbd7 13. b3 Nc5 14. Rb1 Nfe4 15. Nxe4 Nxe4 16. Bb2 Qd7 17. Qd3 Nc5 18. Qc2 Re7 19. Rbe1 Rae8 20. Rxe7 Qxe7 21. a3 Na6 22. Bc3 h5 23. Qd2 Nc5 24. b4 axb4 25. axb4 Ne4 26. Bxe4 Qxe4 27. Re1 Qxe1+ 28. Qxe1 Rxe1+ 29. Bxe1 Bxd4 0-1

[Event "Titled Tuesday intern op 29th Aug Early"]
[Site "Chess.com INT"]
[Date "2023.08.29"]
[Round "4"]
[White "Todorovic, Bojan"]
[Black "Saucey, Michel"]
[Result "1-0"]
[WhiteElo "2195"]
[BlackElo "2249"]
[PlyCount "63"]
[EventDate "2023.08.29"]
[EventType "swiss (blitz)"]
[EventRounds "11"]
[EventCountry "USA"]
[SourceTitle "EXT 2024"]
[Source "ChessBase"]
[SourceDate "2023.10.10"]
[SourceVersion "1"]
[SourceVersionDate "2023.10.10"]
[SourceQuality "1"]

1. d4 d5 2. c4 e6 3. Nc3 Nf6 4. cxd5 exd5 5. Bg5 Be7 6. e3 0-0 7. Qc2 h6 8. Bf4 c5 9. Nf3 Nc6 10. Be2 cxd4 11. exd4 Bg4 12. Rd1 Rc8 13. 0-0 Bh5 14. Ne5 Bxe2 15. Qxe2 Re8 16. Qf3 Bb4 17. Ne2 Ne4 18. Nxf7 Kxf7 19. Bd6+ Qf6 20. Bxb4 Nxb4 21. Qb3 Rc4 22. Nc3 Nxc3 23. bxc3 Nc6 24. Qxb7+ Re7 25. Qb3 a5 26. h3 a4 27. Qb2 Qf5 28. Rfe1 Rxe1+ 29. Rxe1 Ne7 30. Qb7 Qg5 31. Re3 Kf8 32. Qd7 1-0

[Event "Titled Tuesday intern op 22nd Aug Late"]
[Site "Chess.com INT"]
[Date "2023.08.22"]
[Round "10"]
[White "Yedidia, Jonathan"]
[Black "Saucey, Michel"]
[Result "0-1"]
[WhiteElo "2360"]
[BlackElo "2249"]
[PlyCount "136"]
[EventDate "2023.08.22"]
[EventType "swiss (blitz)"]
[EventRounds "11"]
[EventCountry "USA"]
[SourceTitle "EXT 2024"]
[Source "ChessBase"]
[SourceDate "2023.10.10"]
[SourceVersion "1"]
[SourceVersionDate "2023.10.10"]
[SourceQuality "1"]

1. e4 c5 2. c3 d5 3. exd5 Qxd5 4. d4 Nf6 5. Nf3 e6 6. Na3 Be7 7. Nb5 Qd8 8. Bf4 Nd5 9. Bxb8 Rxb8 10. Nxa7 0-0 11. Nxc8 Qxc8 12. Be2 b5 13. 0-0 b4 14. cxb4 cxd4 15. b5 Nf4 16. Rc1 Qb7 17. Bc4 Rfd8 18. Qd2 e5 19. Rfe1 Bg5 20. h4 Nh3+ 21. gxh3 Bxd2 22. Nxd2 Re8 23. Ne4 Qb6 24. Ng5 Re7 25. a4 Rf8 26. b4 Qf6 27. a5 h6 28. Ne4 Qxh4 29. a6 Rb8 30. Ra1 Ra7 31. Rec1 Kf8 32. Bd5 f5 33. Nd6 Qg5+ 34. Kf1 Qd8 35. b6 Rxb6 36. Rc8 Rxd6 37. Rxd8+ Rxd8 38. Bb7 Rb8 39. b5 Raxb7 40. axb7 Rxb7 41. Rb1 Ke7 42. Ke2 Kd6 43. Kd3 Kc5 44. f4 e4+ 45. Kd2 Rxb5 46. Rc1+ Kd5 47. Rg1 Rb2+ 48. Kd1 e3 49. Rxg7 Ke4 50. Kc1 Rh2 51. Re7+ Kd3 52. Re6 Rh1+ 53. Kb2 e2 54. Kb3 e1Q 55. Rxe1 Rxe1 56. Kb4 Re4 57. Kc5 Rxf4 58. Kd5 Rh4 59. Ke5 Rxh3 60. Kxf5 Re3 61. Kf4 Re8 62. Kf5 Kc4 63. Kg6 d3 64. Kxh6 d2 65. Kg6 d1Q 66. Kf7 Qd7+ 67. Kf6 Re6+ 68. Kf5 Qd5+ 0-1

[Event "Titled Tuesday intern op 15th Aug Early"]
[Site "Chess.com INT"]
[Date "2023.08.15"]
[Round "7"]
[White "Baziuk, Vladyslav"]
[Black "Saucey, Michel"]
[Result "1-0"]
[WhiteElo "2211"]
[BlackElo "2249"]
[PlyCount "59"]
[EventDate "2023.08.15"]
[EventType "swiss (blitz)"]
[EventRounds "11"]
[EventCountry "USA"]
[SourceTitle "EXT 2024"]
[Source "ChessBase"]
[SourceDate "2023.10.10"]
[SourceVersion "1"]
[SourceVersionDate "2023.10.10"]
[SourceQuality "1"]

1. e4 c5 2. Nf3 e6 3. d4 cxd4 4. Nxd4 Nc6 5. Nc3 Qc7 6. Be3 a6 7. Qd2 Nf6 8. f3 Be7 9. 0-0-0 b5 10. g4 h6 11. h4 Bb7 12. Kb1 Rc8 13. Bd3 b4 14. Nce2 Ne5 15. g5 Nh5 16. gxh6 gxh6 17. Bxh6 d5 18. Bg5 Nxf3 19. Nxf3 dxe4 20. Ned4 exf3 21. Bxe7 Qxe7 22. Rhf1 Ng3 23. Rxf3 Bxf3 24. Nxf3 Kf8 25. Qf4 Nh5 26. Qe5 Qf6 27. Qd6+ Qe7 28. Qxa6 Qc5 29. Ne5 Nf4 30. Nd7+ 1-0

[Event "Titled Tuesday intern op 15th Aug Late"]
[Site "Chess.com INT"]
[Date "2023.08.15"]
[Round "7"]
[White "Saucey, Michel"]
[Black "Rangel, Daniel"]
[Result "1-0"]
[WhiteElo "2249"]
[BlackElo "2199"]
[PlyCount "59"]
[EventDate "2023.08.15"]
[EventType "swiss (blitz)"]
[EventRounds "11"]
[EventCountry "USA"]
[SourceTitle "EXT 2024"]
[Source "ChessBase"]
[SourceDate "2023.10.10"]
[SourceVersion "1"]
[SourceVersionDate "2023.10.10"]
[SourceQuality "1"]

1. d4 Nf6 2. Nf3 g6 3. c4 Bg7 4. g3 0-0 5. Bg2 c5 6. d5 d6 7. Nc3 e6 8. 0-0 exd5 9. cxd5 Bf5 10. Nd2 Qc8 11. Nc4 Rd8 12. Bf4 Ne8 13. e4 Bh3 14. Re1 Bxg2 15. Kxg2 Bxc3 16. bxc3 b5 17. Ne3 Nd7 18. Ng4 h5 19. Nh6+ Kg7 20. Nf5+ gxf5 21. Qxh5 Ndf6 22. Bh6+ Kh7 23. Qh4 Kg6 24. Qg5+ Kh7 25. exf5 Qb7 26. Bf8 Qxd5+ 27. f3 Qc4 28. Re7 a5 29. Rae1 Ra6 30. Rxe8 1-0

[Event "Titled Tuesday intern op 15th Aug Early"]
[Site "Chess.com INT"]
[Date "2023.08.15"]
[Round "9"]
[White "Sava, Christiansen"]
[Black "Saucey, Michel"]
[Result "1-0"]
[WhiteElo "2002"]
[BlackElo "2249"]
[PlyCount "43"]
[EventDate "2023.08.15"]
[EventType "swiss (blitz)"]
[EventRounds "11"]
[EventCountry "USA"]
[SourceTitle "EXT 2024"]
[Source "ChessBase"]
[SourceDate "2023.10.10"]
[SourceVersion "1"]
[SourceVersionDate "2023.10.10"]
[SourceQuality "1"]

1. d4 d5 2. c4 e6 3. g3 Nf6 4. Bg2 Bb4+ 5. Bd2 Bd6 6. Nf3 0-0 7. Qc2 c6 8. 0-0 Ne4 9. Nc3 f5 10. Ne5 Nd7 11. f4 Ndf6 12. c5 Bc7 13. Nxe4 Nxe4 14. Bxe4 dxe4 15. e3 Qd5 16. Qc4 Qxc4 17. Nxc4 Bd7 18. b4 Kf7 19. a4 a6 20. a5 Ke7 21. Nb6 Be8 22. Nxa8 1-0

[Event "Titled Tuesday intern op 15th Aug Late"]
[Site "Chess.com INT"]
[Date "2023.08.15"]
[Round "3"]
[White "Tustanowski, Robert"]
[Black "Saucey, Michel"]
[Result "1-0"]
[WhiteElo "2208"]
[BlackElo "2249"]
[PlyCount "75"]
[EventDate "2023.08.15"]
[EventType "swiss (blitz)"]
[EventRounds "11"]
[EventCountry "USA"]
[SourceTitle "EXT 2024"]
[Source "ChessBase"]
[SourceDate "2023.10.10"]
[SourceVersion "1"]
[SourceVersionDate "2023.10.10"]
[SourceQuality "1"]

1. e4 c5 2. Nf3 e6 3. d3 Nc6 4. g3 Nf6 5. Bg2 d5 6. Qe2 Be7 7. 0-0 0-0 8. e5 Nd7 9. c4 Nb6 10. b3 a5 11. a4 Nb4 12. Rd1 d4 13. h4 Bd7 14. Nbd2 Bc6 15. Ne4 Bxe4 16. Qxe4 h6 17. Qxb7 Rb8 18. Qe4 Nd7 19. g4 Bxh4 20. Kf1 Be7 21. Ke2 Qc7 22. Rh1 f5 23. exf6 Rxf6 24. g5 Rf7 25. gxh6 Nf6 26. Qxe6 Rb6 27. Qh3 g6 28. Ng5 Bf8 29. h7+ Kh8 30. Nxf7+ Qxf7 31. Be4 Nh5 32. Bd2 Re6 33. f3 Bg7 34. Rag1 Rf6 35. Qg4 Nc2 36. Bxg6 Rxg6 37. Qxg6 Qe7+ 38. Qe4 1-0

[Event "Titled Tuesday intern op 15th Aug Late"]
[Site "Chess.com INT"]
[Date "2023.08.15"]
[Round "11"]
[White "Vifleemskaia, Svetlana"]
[Black "Saucey, Michel"]
[Result "1-0"]
[WhiteElo "1903"]
[BlackElo "2249"]
[PlyCount "55"]
[EventDate "2023.08.15"]
[EventType "swiss (blitz)"]
[EventRounds "11"]
[EventCountry "USA"]
[SourceTitle "EXT 2024"]
[Source "ChessBase"]
[SourceDate "2023.10.10"]
[SourceVersion "1"]
[SourceVersionDate "2023.10.10"]
[SourceQuality "1"]

1. d4 d5 2. c4 e6 3. Nc3 Nf6 4. cxd5 exd5 5. Bg5 c6 6. e3 Be7 7. Bd3 0-0 8. Qc2 h6 9. Bf4 Re8 10. Nf3 Nbd7 11. h3 Nf8 12. 0-0 Ne6 13. Bh2 Ng5 14. Ne5 Nge4 15. Nxe4 dxe4 16. Bc4 Rf8 17. a4 a5 18. Qb3 Qe8 19. f3 exf3 20. Rxf3 Bb4 21. Raf1 b5 22. Bd3 Be6 23. Qc2 Bd5 24. Rxf6 gxf6 25. Rxf6 Kg7 26. Qf2 Rh8 27. Rf5 Bd6 28. Qg3+ 1-0

[Event "Titled Tuesday intern op 18th Jul Early"]
[Site "Chess.com INT"]
[Date "2023.07.18"]
[Round "6"]
[White "Lye, Sverre"]
[Black "Saucey, Michel"]
[Result "0-1"]
[WhiteElo "2107"]
[BlackElo "2249"]
[PlyCount "88"]
[EventDate "2023.07.18"]
[EventType "swiss (blitz)"]
[EventRounds "11"]
[EventCountry "USA"]
[SourceTitle "EXT 2024"]
[Source "ChessBase"]
[SourceDate "2023.10.10"]
[SourceVersion "1"]
[SourceVersionDate "2023.10.10"]
[SourceQuality "1"]

1. e4 c5 2. Nf3 e6 3. d4 cxd4 4. Nxd4 Nc6 5. Nc3 Qc7 6. Be3 a6 7. Nxc6 bxc6 8. f4 d5 9. Be2 Nf6 10. Bf3 Be7 11. 0-0 0-0 12. Bd4 Bb7 13. Kh1 Rfd8 14. Be5 Qa5 15. exd5 cxd5 16. f5 exf5 17. Qd4 Rac8 18. Be2 Qc5 19. Rxf5 Qxd4 20. Bxd4 Ne4 21. Bd3 g6 22. Rff1 f5 23. Rad1 h5 24. Ne2 Bd6 25. Nf4 Bxf4 26. Rxf4 Kh7 27. c3 Re8 28. Rdf1 Re7 29. h3 Rce8 30. Kh2 Bc8 31. R1f3 g5 32. Rxf5 Bxf5 33. Rxf5 g4 34. Rxh5+ Kg6 35. Rxd5 gxh3 36. gxh3 Kf7 37. Rf5+ Kg8 38. Rf4 Nd6 39. Rg4+ Kf8 40. Bc5 Re6 41. Bxa6 Ke7 42. Rg7+ Kf6 43. Rg2 Nf5 44. Bd3 Re5 0-1

[Event "Titled Tuesday intern op 18th Jul Early"]
[Site "Chess.com INT"]
[Date "2023.07.18"]
[Round "10"]
[White "Saucey, Michel"]
[Black "Hernandez Bermudez, Ulises Eduardo"]
[Result "1/2-1/2"]
[WhiteElo "2249"]
[BlackElo "2042"]
[PlyCount "74"]
[EventDate "2023.07.18"]
[EventType "swiss (blitz)"]
[EventRounds "11"]
[EventCountry "USA"]
[SourceTitle "EXT 2024"]
[Source "ChessBase"]
[SourceDate "2023.10.10"]
[SourceVersion "1"]
[SourceVersionDate "2023.10.10"]
[SourceQuality "1"]

1. d4 d5 2. Nf3 Nf6 3. c4 c6 4. Nc3 e6 5. e3 Bd6 6. Bd3 Nbd7 7. e4 dxe4 8. Nxe4 Nxe4 9. Bxe4 0-0 10. 0-0 c5 11. dxc5 Nxc5 12. Bc2 b6 13. b4 Nb7 14. Qd3 g6 15. Bh6 Re8 16. Qc3 f6 17. Rad1 Qe7 18. a3 g5 19. h4 g4 20. Nd4 Be5 21. Qe3 Qf7 22. Be4 Qh5 23. Bf4 Qxh4 24. Bxe5 fxe5 25. Nc6 Qf6 26. g3 Qg7 27. f3 gxf3 28. Rxf3 Bd7 29. Nxe5 Ba4 30. Rdf1 Nd6 31. Bxa8 Rxa8 32. Qd4 Nf5 33. Rxf5 Qxg3+ 34. Kh1 Qh3+ 35. Kg1 Qg3+ 36. Kh1 Qh3+ 37. Kg1 Qg3+ 1/2-1/2

[Event "Titled Tuesday intern op 18th Jul Early"]
[Site "Chess.com INT"]
[Date "2023.07.18"]
[Round "1"]
[White "Schnaider, Ilan"]
[Black "Saucey, Michel"]
[Result "1-0"]
[WhiteElo "2233"]
[BlackElo "2249"]
[PlyCount "85"]
[EventDate "2023.07.18"]
[EventType "swiss (blitz)"]
[EventRounds "11"]
[EventCountry "USA"]
[SourceTitle "EXT 2024"]
[Source "ChessBase"]
[SourceDate "2023.10.10"]
[SourceVersion "1"]
[SourceVersionDate "2023.10.10"]
[SourceQuality "1"]

1. e4 c5 2. Nf3 e6 3. d4 cxd4 4. Nxd4 Nc6 5. Nc3 Qc7 6. Be2 a6 7. Qd3 Nf6 8. 0-0 Be7 9. Kh1 d6 10. f4 Nxd4 11. Qxd4 e5 12. Qa4+ Bd7 13. Bb5 0-0 14. Bxd7 Qxd7 15. Qxd7 Nxd7 16. Nd5 Bd8 17. Be3 exf4 18. Bxf4 Ne5 19. Rad1 Rc8 20. c3 h6 21. h3 Re8 22. a4 Bg5 23. Bh2 Nc4 24. Rd4 Nxb2 25. Rb1 Nc4 26. Rxb7 Ne3 27. Nc7 Rb8 28. Rbb4 Nc2 29. Nxe8 Rxe8 30. Bxd6 Be3 31. Rdc4 Nxb4 32. cxb4 g6 33. b5 axb5 34. axb5 f5 35. e5 f4 36. b6 Ra8 37. h4 Ra1+ 38. Kh2 Bxb6 39. Rxf4 Bg1+ 40. Kh3 Be3 41. Rf6 Kg7 42. Bf8+ Kh7 43. Bd6 1-0

[Event "Titled Tuesday intern op 04th Jul Late"]
[Site "Chess.com INT"]
[Date "2023.07.04"]
[Round "3"]
[White "Han, Yichen"]
[Black "Saucey, Michel"]
[Result "1-0"]
[WhiteElo "2413"]
[BlackElo "2249"]
[PlyCount "87"]
[EventDate "2023.07.04"]
[EventType "swiss (blitz)"]
[EventRounds "11"]
[EventCountry "USA"]
[SourceTitle "EXT 2024"]
[Source "ChessBase"]
[SourceDate "2023.10.10"]
[SourceVersion "1"]
[SourceVersionDate "2023.10.10"]
[SourceQuality "1"]

1. d4 d5 2. Nf3 e6 3. c4 Nf6 4. Nc3 Bb4 5. Qb3 c5 6. dxc5 Nc6 7. Bg5 h6 8. Bxf6 Qxf6 9. cxd5 exd5 10. e3 Be6 11. Bb5 0-0 12. Bxc6 Bxc3+ 13. Qxc3 Qxc3+ 14. bxc3 bxc6 15. Nd4 Bd7 16. Kd2 Rab8 17. Rab1 g6 18. Kd3 Kg7 19. c4 dxc4+ 20. Kxc4 Kf6 21. a4 Rfc8 22. a5 Be6+ 23. Nxe6 Kxe6 24. Rhd1 g5 25. Rxb8 Rxb8 26. Rd6+ Ke7 27. Rxc6 Rb2 28. Rc7+ Ke6 29. Rxa7 Rxf2 30. Ra6+ Ke7 31. Rxh6 Rxg2 32. a6 Ra2 33. Kb5 f5 34. Kb6 Rb2+ 35. Kc7 Ra2 36. c6 f4 37. exf4 gxf4 38. Rh4 f3 39. Rf4 f2 40. h4 Ke6 41. h5 Ke5 42. Rf8 Ke4 43. h6 Ke3 44. h7 1-0

[Event "Titled Tuesday intern op 04th Jul Late"]
[Site "Chess.com INT"]
[Date "2023.07.04"]
[Round "6"]
[White "Saucey, Michel"]
[Black "Buchenau, Frank"]
[Result "1-0"]
[WhiteElo "2249"]
[BlackElo "2222"]
[PlyCount "79"]
[EventDate "2023.07.04"]
[EventType "swiss (blitz)"]
[EventRounds "11"]
[EventCountry "USA"]
[SourceTitle "EXT 2024"]
[Source "ChessBase"]
[SourceDate "2023.10.10"]
[SourceVersion "1"]
[SourceVersionDate "2023.10.10"]
[SourceQuality "1"]

1. d4 e6 2. c4 Nf6 3. Nf3 b6 4. g3 Bb7 5. Bg2 Be7 6. 0-0 0-0 7. Re1 a5 8. d5 exd5 9. Nh4 c6 10. cxd5 Nxd5 11. Nf5 Bb4 12. Bd2 Re8 13. e4 Ne7 14. Bxb4 Nxf5 15. Ba3 Ne7 16. Bd6 c5 17. Nc3 Nc8 18. Nb5 Na6 19. e5 Bc6 20. a4 Nxd6 21. Nxd6 Rf8 22. Bxc6 dxc6 23. Qf3 Nb4 24. Rad1 Nc2 25. Re4 Nd4 26. Qe3 Qe7 27. f4 Qe6 28. Rf1 Nf5 29. Nxf5 Qxf5 30. Qf3 Rad8 31. g4 Qe6 32. f5 Qd5 33. f6 Qd2 34. fxg7 Kxg7 35. Qf6+ Kg8 36. Ref4 Rde8 37. Qg5+ Kh8 38. Qf6+ Kg8 39. Rf5 Re6 40. Rg5+ 1-0

[Event "Titled Tuesday intern op 04th Jul Late"]
[Site "Chess.com INT"]
[Date "2023.07.04"]
[Round "8"]
[White "Saucey, Michel"]
[Black "Melikhov, Evgeny V"]
[Result "0-1"]
[WhiteElo "2249"]
[BlackElo "2252"]
[PlyCount "68"]
[EventDate "2023.07.04"]
[EventType "swiss (blitz)"]
[EventRounds "11"]
[EventCountry "USA"]
[SourceTitle "EXT 2024"]
[Source "ChessBase"]
[SourceDate "2023.10.10"]
[SourceVersion "1"]
[SourceVersionDate "2023.10.10"]
[SourceQuality "1"]

1. d4 Nf6 2. Nf3 d5 3. c4 e6 4. Nc3 Bb4 5. Qa4+ Nc6 6. e3 0-0 7. Bd2 dxc4 8. Bxc4 Bd6 9. Nb5 e5 10. Nxd6 cxd6 11. dxe5 dxe5 12. Bc3 Qe7 13. 0-0 Bg4 14. Nd2 a6 15. Qc2 b5 16. Bd3 b4 17. Be4 Rac8 18. Bxc6 Rxc6 19. Bxb4 Rxc2 20. Bxe7 Rxd2 21. Bxf8 Kxf8 22. f3 Be6 23. b3 Nd5 24. Rf2 Rd3 25. Re1 f6 26. e4 Nf4 27. Rc2 h5 28. g3 Nh3+ 29. Kg2 Ng5 30. f4 Nxe4 31. fxe5 f5 32. Rf1 g6 33. Rf3 Rd1 34. Rf1 Rd5 0-1

[Event "Titled Tuesday intern op 08th Nov Early"]
[Site "Chess.com INT"]
[Date "2022.11.08"]
[Round "2"]
[White "Saucey, Michel"]
[Black "Hasangatin, Ramil"]
[Result "1-0"]
[WhiteElo "2249"]
[BlackElo "2457"]
[PlyCount "91"]
[EventDate "2022.11.08"]
[EventType "swiss (blitz)"]
[EventRounds "11"]
[EventCountry "USA"]
[SourceTitle "EXT 2024"]
[Source "ChessBase"]
[SourceDate "2023.10.10"]
[SourceVersion "1"]
[SourceVersionDate "2023.10.10"]
[SourceQuality "1"]

1. d4 d6 2. e4 Nf6 3. Nc3 e5 4. Nf3 Nbd7 5. Bc4 Be7 6. 0-0 0-0 7. a4 c6 8. Re1 exd4 9. Nxd4 Ne5 10. Ba2 Re8 11. h3 Bf8 12. Bf4 Qc7 13. Bh2 Ng6 14. Bb3 Bd7 15. a5 b5 16. axb6 axb6 17. Rxa8 Rxa8 18. Nf5 Bxf5 19. exf5 Ne5 20. Bxe5 dxe5 21. Qe2 Re8 22. Ne4 Nxe4 23. Qxe4 b5 24. f6 g6 25. g4 Bh6 26. h4 Qd7 27. g5 Bf8 28. Kg2 Kh8 29. c3 c5 30. Rd1 Qc8 31. Bd5 Qc7 32. c4 bxc4 33. Bxc4 Rd8 34. Rxd8 Qxd8 35. Bxf7 Qd4 36. Qxd4 exd4 37. b3 Bd6 38. Kf3 Bc7 39. Bc4 Ba5 40. Kg4 Be1 41. f4 Bf2 42. h5 Be3 43. f5 gxh5+ 44. Kxh5 Bf4 45. g6 hxg6+ 46. fxg6 1-0

[Event "Titled Tuesday intern op 08th Nov Early"]
[Site "Chess.com INT"]
[Date "2022.11.08"]
[Round "4"]
[White "Shuvalov, Evgenij"]
[Black "Saucey, Michel"]
[Result "1-0"]
[WhiteElo "2149"]
[BlackElo "2249"]
[PlyCount "81"]
[EventDate "2022.11.08"]
[EventType "swiss (blitz)"]
[EventRounds "11"]
[EventCountry "USA"]
[SourceTitle "EXT 2024"]
[Source "ChessBase"]
[SourceDate "2023.10.10"]
[SourceVersion "1"]
[SourceVersionDate "2023.10.10"]
[SourceQuality "1"]

1. d4 d5 2. c4 e6 3. cxd5 exd5 4. Nc3 Nf6 5. Bg5 c6 6. Nf3 h6 7. Bh4 Be7 8. Qc2 0-0 9. e3 Re8 10. Bd3 Ne4 11. Bg3 Bf5 12. 0-0 Bf6 13. Be5 Bxe5 14. Nxe5 Nd7 15. Nxd7 Qxd7 16. Rab1 a5 17. a3 Nd6 18. Na4 Bxd3 19. Qxd3 Qe7 20. h3 Nc4 21. Rfe1 Qe4 22. Qxe4 Rxe4 23. Nc5 Re7 24. a4 b6 25. Nd3 Rb8 26. b4 axb4 27. Rxb4 Ra8 28. Nb2 Nxb2 29. Rxb2 Ra6 30. Rc1 Rc7 31. Kf1 Kf8 32. Ke2 Ke7 33. Rcb1 Rb7 34. Rb4 Kd6 35. Kf3 g6 36. h4 Kc7 37. Kf4 Kd6 38. h5 gxh5 39. Kf5 c5 40. dxc5+ Kxc5 41. Rh4 1-0

[Event "Titled Tuesday intern op 01st Nov Late"]
[Site "Chess.com INT"]
[Date "2022.11.01"]
[Round "1"]
[White "Mladenovic, Stefan"]
[Black "Saucey, Michel"]
[Result "1-0"]
[WhiteElo "2351"]
[BlackElo "2249"]
[PlyCount "67"]
[EventDate "2022.11.01"]
[EventType "swiss (blitz)"]
[EventRounds "11"]
[EventCountry "USA"]
[SourceTitle "EXT 2024"]
[Source "ChessBase"]
[SourceDate "2023.10.10"]
[SourceVersion "1"]
[SourceVersionDate "2023.10.10"]
[SourceQuality "1"]

1. d4 d5 2. Bf4 Nf6 3. e3 e6 4. Nf3 Bd6 5. Bg3 0-0 6. Bd3 c5 7. c3 Qc7 8. Ne5 Nbd7 9. f4 b5 10. Nd2 Rb8 11. Qf3 b4 12. 0-0 c4 13. Bc2 bxc3 14. bxc3 Rb2 15. Rfc1 Qa5 16. Bh4 Rxa2 17. Rxa2 Qxa2 18. Nxd7 Nxd7 19. Qd1 Qb2 20. Nf3 g6 21. Qd2 Qa3 22. Ne5 Be7 23. Bxe7 Qxe7 24. Ra1 Nxe5 25. fxe5 f6 26. exf6 Qxf6 27. e4 a6 28. e5 Qf7 29. h3 Kg7 30. Qe2 Qf4 31. Rb1 a5 32. Ra1 Bd7 33. Rxa5 Qc1+ 34. Kh2 1-0